Zákon o výkone práce vo verejnom záujme s komentárom

Základné zákony, ktoré boli prijaté v rámci reformy zamestnávania vo verejnom sektore - zákon č. 552/2003 Z.z. o výkone práce vo verejnom záujme, zákon č. 553/2003 Z.z. o odmeňovaní niektorých zamestnancov pri výkone práce vo verejnom záujme, zákon č. 551/2003 Z.z., ktorým sa mení a dopĺňa zákon č....

Descrizione completa

Salvato in:
Dettagli Bibliografici
Autore principale: Buchtová, Mária
Natura: Capitolo di libro
Lingua:slovacco
Soggetti:
Tags: Aggiungi Tag
Nessun Tag, puoi essere il primo ad aggiungerne!!

MARC

LEADER 00000naa$a2200000$$$4500
001 0006202
005 20230919094136.7
041 0 |a slo 
044 |a SK 
245 1 0 |a Zákon o výkone práce vo verejnom záujme s komentárom  |c Mária Buchtová 
520 |a Základné zákony, ktoré boli prijaté v rámci reformy zamestnávania vo verejnom sektore - zákon č. 552/2003 Z.z. o výkone práce vo verejnom záujme, zákon č. 553/2003 Z.z. o odmeňovaní niektorých zamestnancov pri výkone práce vo verejnom záujme, zákon č. 551/2003 Z.z., ktorým sa mení a dopĺňa zákon č. 312/2001 Z.z. o štátnej službe. Nový zákon sa oproti doterajšiemu zákonu o verejnej službe vzťahuje na podstatne širší okruh zamestnancov. 
610 2 0 |a práca 
610 2 0 |a sektor verejný 
610 2 0 |a práce verejné 
610 2 0 |a zákony 
100 1 |a Buchtová, Mária